Countries With Most UEFA Champions League Titles - Statistics

General Stats
  • This quiz has been taken 666 times
  • The average score is 6 of 6
Answer Stats
Titles Country % Correct
16 Spain
100%
12 England
99%
12 Italy
98%
7 Germany
97%
4 Portugal
93%
6 Netherlands
91%
No matching quizzes found
Score Distribution
Percent of People with Each Score
Percentile by Number Answered
Your Score History
You have not taken this quiz